| 000 | 00666nam a2200253Ia 4500 | ||
|---|---|---|---|
| 001 | 9230 | ||
| 005 | 20240113234156.0 | ||
| 007 | ta | ||
| 008 | 050723s1963 a g b000 u eng u | ||
| 040 | _aCotton College Assam | ||
| 041 | _aeng | ||
| 082 |
_a822.9109 _bM 859 J |
||
| 100 | _aMottram, R.H. . | ||
| 245 | 0 |
_aJohn Galsworthy / _cR.H. Mottram. _hTextual Documents |
|
| 250 | _a1st ed. / | ||
| 260 |
_aLondon : _bLongmans, Green & Co. , _c1963. |
||
| 300 |
_a40p. : _bill. ; _c22cm . |
||
| 504 | _aBib. | ||
| 653 | _aEnglish-Drama-Criticism | ||
| 653 | _aEnglish-Drama-Collections | ||
| 942 |
_2ddc _cBK |
||
| 999 |
_c9217 _d9217 |
||